Aritmetica, sistema metrico-geometria per la classe 3. elementare : (con numerosi esercizi)

Gespeichert in:
Bibliographische Detailangaben
Hauptverfasser: Malinverno, Giuseppe (VerfasserIn), Sacco, Aldo (VerfasserIn)
Format: Buch
Sprache:Italienisch
Erschienen: Torino : Istituto ed. Italia Nova, [19..?]
Katalog:EDISCO:  Suchergebnis im Bibliothekskatalog
Schulbuchspezifische Eigenschaften:
Schlagworte:
Tags: Tag hinzufügen
Keine Tags, Fügen Sie den ersten Tag hinzu!
Hinzugefügt zu:27.09.2001
Geändert in:22.10.2019

MARC

LEADER 00000nam a22000007i 4500
001 IT\ICCU\TO0\0985019
003 ItRI
005 20191022151112.0
008 010928q19001999it |||||| ||||| |||||c
999 |c 26164  |d 26164 
040 |b ita  |c Polo_Uto 
041 7 |a ita  |2 ISO-639-2 
100 |a Malinverno, Giuseppe  |e Author  |9 2553 
245 0 0 |a Aritmetica, sistema metrico-geometria per la classe 3. elementare :  |b (con numerosi esercizi) /  |c Giuseppe Malinverno, Aldo Sacco. 
260 |a Torino :  |b Istituto ed. Italia Nova,  |c [19..?] 
300 |a 55 p. :  |b ill. ;  |c 24 cm. 
650 |a Matematica  |9 92  |a Geometria  |9 336 
655 |a Eserciziario  |9 176 
690 |a Elementare  |x Terza classe  |9 2554 
700 1 |a Sacco, Aldo  |0 IT\ICCU\SBLV\049101  |e Author  |9 2555 
982 1 |6 z01  |a n 
942 |2 ddc 
981 1 |6 z01  |a i   |b xxxe  
999 |c edisco:26164  |d 26164